| 000 | 01314njm a22003137a 4500 | ||
|---|---|---|---|
| 005 | 20100914100343.0 | ||
| 007 | sd ammalaaahaa | ||
| 008 | 100914t xxu||||| |||| 00| 0 hin d | ||
| 028 |
_a7EPE. 7014 _bEMI |
||
| 035 | _aGR-02326 | ||
| 040 | _aSED/VEN | ||
| 100 |
_919851 _aKishore Kumar |
||
| 245 |
_aYasmeen / _cby Kishore Kumar & Lata Mangeshkar ; music by Basu Manohari ; lyric by Yogesh _h[sound recording] : |
||
| 246 | _aयास्मीन (किशोरे कुमार ) | ||
| 260 |
_aDum Dum India _bEMI _c1973 |
||
| 300 |
_a1 sound recording [Gramophone record] : _banalog, 45/1/3 _c7 in. _fGramophone Record |
||
| 500 | _aBrief Record | ||
| 500 | _aEMI | ||
| 500 | _aOrange | ||
| 500 | _aExtended Play | ||
| 505 | _aAa hamsafar part 1 (Yasmeen) (kishore kumar ) आ हमसफ़र पार्ट १ (किशोरे कुमार ) Tauba yeh jawani part 2 (Yasmeen) (lata mangeshkar ) तौबा यह जवानी पार्ट २ (यास्मीन ) (लता मंगेशकर ) | ||
| 650 |
_aClassical Music _xExcerts _zIndia _919852 _vFilmi Song |
||
| 700 |
_919876 _aBasu Manohari |
||
| 700 |
_919904 _aYogesh |
||
| 700 | _919983 | ||
| 700 | _919984 | ||
| 942 |
_2ddc _cGR |
||
| 999 |
_c45790 _d45790 |
||